| 000 | 01311nam0a22003011 4500 | ||
|---|---|---|---|
| 001 | rc\3599146 | ||
| 005 | 20250610081036.0 | ||
| 021 |
_aRU _b[70-31902] |
||
| 035 | _a(NLR Aleph) 007812152 | ||
| 090 |
_a7716972 _c7716972 |
||
| 100 | _a20130115d1970 |||y0rusy50 ca | ||
| 101 | 0 | _arus | |
| 102 | _aRU | ||
| 105 | _aa z ||||| | ||
| 200 | 1 |
_aАвтоматизированный промежуточный многономенклатурный склад тарных грузов _fНауч.-исслед. ин-т информации по тяжелому, энерг. и трансп. машиностроению |
|
| 210 |
_aМосква _cБ. и. _d1970 |
||
| 215 |
_a45 с. _cчерт. _d21 |
||
| 225 | 1 |
_a[Подъемно-транспортное оборудование] _v6-70-7 |
|
| 300 | _aАвт. указаны на обороте тит. л. | ||
| 606 |
_aСклады тарных грузов автоматизированные _2psbo |
||
| 606 |
_aПромышленные предприятия _xСкладское хозяйство _2psbo |
||
| 700 | 1 |
_aПрохоренков _bА.Н. _gАрнольд Никитович |
|
| 701 | 1 |
_aАрановский _bС.Л. |
|
| 801 | 0 |
_aRU _bNLR _gpsbo |
|
| 801 | 1 |
_aRU _bELAR _2rusmarc |
|
| 852 |
_aNLR _jП10/3446 |
||
| 942 | _cBOOK | ||
| 980 | _aNB | ||